[Event "Logumkloster Byturnering Basis 2 2010"]
[Site "Logumkloster"]
[Date "2010.04.13"]
[Round "1"]
[White "Jensen, Jens Peter"]
[Black "Asmund, Erik"]
[Result "0-1"]
[WhiteElo "1362"]
[BlackElo "1588"]
[PlyCount "44"]
[EventDate "2010.??.??"]

1. e4 c5 2. Bc4 e6 3. Nc3 Nc6 4. a3 a6 5. a4 Nge7 6. Nge2 Ng6 7. O-O Be7 8. f4
O-O 9. d4 cxd4 10. Nxd4 Bc5 11. Be3 Qb6 12. Nce2 e5 13. fxe5 Ngxe5 14. Bb3 Ng4
15. Rf3 Nxe3 16. Qd2 Nxd4 17. Nxd4 Bxd4 18. c3 Nc2+ 19. cxd4 Nxd4 20. Bxf7+
Rxf7 21. Re3 Nb3 22. Qd3 Nxa1 0-1

[Event "Logumkloster Byturnering Basis 2 2010"]
[Site "Logumkloster"]
[Date "2010.04.13"]
[Round "1"]
[White "Hansen, Hans Ole"]
[Black "Kristensen, Karl Martin"]
[Result "1-0"]
[WhiteElo "1542"]
[BlackElo "1447"]
[PlyCount "91"]
[EventDate "2010.??.??"]

1. d4 Nf6 2. c4 d6 3. Nc3 c6 4. e4 e6 5. Bg5 h6 6. Bh4 Nbd7 7. f4 Be7 8. Bd3
Nxe4 9. Bxe7 Nxc3 10. Bxd8 Nxd1 11. Rxd1 Kxd8 12. Nf3 Kc7 13. O-O f5 14. Rfe1
Nf6 15. Bc2 d5 16. c5 b6 17. b4 b5 18. Ne5 g5 19. Ng6 Rg8 20. Ne7 Re8 21. fxg5
hxg5 22. Nxc8 Raxc8 23. Rd3 g4 24. Rc3 Ne4 25. h3 f4 26. Ra3 Kb7 27. Bxe4 dxe4
28. Rxe4 f3 29. Rxg4 fxg2 30. Rg7+ Kb8 31. Raxa7 Rcd8 32. Rab7+ Ka8 33. Rbd7
Kb8 34. Kxg2 e5 35. dxe5 Rxd7 36. Rxd7 Rxe5 37. Rd3 Re2+ 38. Kg3 Rxa2 39. h4
Ra7 40. h5 Re7 41. Rd4 Re5 42. Kg4 Kc7 43. h6 Rd5 44. Rxd5 cxd5 45. h7 d4 46.
h8=Q 1-0

[Event "Logumkloster Byturnering Basis 2 2010"]
[Site "Logumkloster"]
[Date "2010.04.13"]
[Round "1"]
[White "Christiansen, Bobby"]
[Black "Jessen, Morten"]
[Result "1/2-1/2"]
[WhiteElo "1361"]
[BlackElo "1372"]
[PlyCount "98"]
[EventDate "2010.??.??"]

1. e4 c5 2. c3 Nc6 3. d3 d6 4. Nf3 g6 5. Be2 Bg7 6. Be3 Nf6 7. O-O O-O 8. Nbd2
a6 9. Qc2 Bd7 10. d4 cxd4 11. cxd4 Rc8 12. Qb3 b5 13. d5 Na5 14. Qd1 Ng4 15.
Bd4 Bxd4 16. Nxd4 Ne5 17. N2f3 Nac4 18. b3 Nxf3+ 19. Nxf3 Nb6 20. Rc1 Bg4 21.
Rxc8 Qxc8 22. Nd4 Bd7 23. Qd2 Qb7 24. h4 Rc8 25. h5 Kg7 26. h6+ Kf8 27. Qb2 f6
28. Nf3 Qc7 29. Ng5 Kg8 30. Nf3 Qc2 31. Qd4 Qc5 32. Qa1 Bg4 33. Nd4 Bxe2 34.
Nxe2 Qc2 35. Qd4 Rb8 36. Nf4 Qxa2 37. Ra1 Qxb3 38. Rxa6 Qc4 39. Qa1 Qxe4 40.
Rxb6 Rxb6 41. Qa8+ Kf7 42. Qh8 Qxf4 43. Qxh7+ Ke8 44. Qg8+ Kd7 45. Qe6+ Kd8 46.
h7 Qc1+ 47. Kh2 Qh6+ 48. Qh3 Qf4+ 49. Qg3 Qh6+ 1/2-1/2

[Event "Logumkloster Byturnering Basis 2 2010"]
[Site "Logumkloster"]
[Date "2010.04.13"]
[Round "1"]
[White "Schmidt, Holger"]
[Black "Jensen, Peter M"]
[Result "1-0"]
[WhiteElo "1477"]
[BlackElo "1124"]
[PlyCount "105"]
[EventDate "2010.??.??"]

1. d4 d5 2. Nc3 c6 3. e4 dxe4 4. Nxe4 h6 5. Nf3 Bg4 6. Be2 e6 7. O-O Nf6 8.
Nxf6+ Qxf6 9. Be3 Nd7 10. c3 Be7 11. h3 Bxf3 12. Bxf3 Qh4 13. Bg4 g6 14. Qd2 h5
15. g3 Qf6 16. Be2 Qf5 17. Kg2 Nf6 18. f3 Nd5 19. Bd3 Qf6 20. Rae1 O-O-O 21. h4
Qg7 22. Be4 Nxe3+ 23. Qxe3 f5 24. Bxc6 bxc6 25. Qxe6+ Kb7 26. Qxe7+ Qxe7 27.
Rxe7+ Kb6 28. Rfe1 Rhg8 29. R1e5 g5 30. hxg5 Rxg5 31. f4 Rg4 32. Rh7 Rdg8 33.
Re3 h4 34. Rf3 Re8 35. Rxh4 Re2+ 36. Rf2 Re3 37. Rxg4 fxg4 38. f5 Re8 39. Kf1
Rh8 40. f6 Rf8 41. Ke2 Kc7 42. Ke3 Kd6 43. Rf5 Ke6 44. Kf4 Kf7 45. Kxg4 Rb8 46.
b3 Re8 47. Re5 Rg8+ 48. Kf4 Kxf6 49. g4 Rh8 50. Rc5 Ke7 51. Rxc6 Kd7 52. d5
Rf8+ 53. Kg3 1-0

[Event "Logumkloster Byturnering Basis 2 2010"]
[Site "Logumkloster"]
[Date "2010.04.19"]
[Round "1"]
[White "Munksgaard, Aage"]
[Black "Kallesen, Jesper"]
[Result "0-1"]
[WhiteElo "1411"]
[BlackElo "1482"]
[PlyCount "106"]
[EventDate "2010.??.??"]

1. e4 e5 2. Nf3 d6 3. h3 f5 4. Nc3 Nf6 5. d3 Be6 6. Bg5 h6 7. Bxf6 gxf6 8. Nd2
fxe4 9. dxe4 Nd7 10. Bc4 Bxc4 11. Nxc4 h5 12. Qf3 c6 13. Qg3 Qe7 14. Qg6+ Qf7
15. Qxf7+ Kxf7 16. O-O-O Ke6 17. Kb1 b5 18. Na5 b4 19. Ne2 Rg8 20. g3 Nc5 21.
f3 Rc8 22. Rhg1 d5 23. exd5+ cxd5 24. c3 bxc3 25. Nxc3 d4 26. Ne2 Na4 27. a3
Rb8 28. b3 Bxa3 29. Ka2 Bb4 30. Nc6 Rgc8 31. Nxb8 Rc2+ 32. Kb1 Rb2+ 33. Kc1
Rxe2 34. bxa4 Ba3+ 35. Kb1 Rb2+ 36. Ka1 Rxb8 37. Rb1 Rc8 38. Ka2 Bd6 39. g4
hxg4 40. hxg4 Rc3 41. Rb3 Rc4 42. Ra1 Rxa4+ 43. Kb2 Rxa1 44. Kxa1 f5 45. gxf5+
Kxf5 46. Kb2 Kf4 47. Kc2 a5 48. Rd3 Bb4 49. Kb3 Kg3 50. Kc4 Kf2 51. Rb3 Ke2 52.
Kd5 d3 53. Kxe5 d2 0-1

[Event "Logumkloster Byturnering Basis 2 2010"]
[Site "Logumkloster"]
[Date "2010.04.??"]
[Round "2"]
[White "Munksgaard, Aage"]
[Black "Christiansen, Bobby"]
[Result "0-1"]
[WhiteElo "1411"]
[BlackElo "1361"]
[PlyCount "86"]
[EventDate "2010.??.??"]

1. e4 c6 2. Nc3 d5 3. exd5 cxd5 4. d4 Nf6 5. Nf3 e6 6. Bb5+ Bd7 7. Bxd7+ Nbxd7
8. O-O Be7 9. a3 O-O 10. Bf4 Nb6 11. b3 Rc8 12. Qd3 Nfd7 13. Rfe1 Bf6 14. Rac1
Rc6 15. Na2 Be7 16. a4 Qc8 17. Re2 Nf6 18. Bg5 Re8 19. Bxf6 Bxf6 20. Ne5 Bxe5
21. Rxe5 Nd7 22. Re2 e5 23. dxe5 Nc5 24. Qxd5 Rd8 25. Qf3 Ne6 26. c3 Nd4 27.
Qe3 Nxe2+ 28. Qxe2 Qe6 29. c4 Rcd6 30. Nc3 Rd2 31. Qe1 Rb2 32. Nd5 Rxb3 33. f4
Qg4 34. Qd2 Kh8 35. Qc2 Ra3 36. g3 h5 37. Re1 h4 38. Re3 Ra1+ 39. Kg2 h3+ 40.
Kf2 Rh1 41. Re2 Rxh2+ 42. Kf1 Qf3+ 43. Rf2 Rh1# 0-1

[Event "Logumkloster Byturnering Basis 2 2010"]
[Site "Logumkloster"]
[Date "2010.04.20"]
[Round "2"]
[White "Jessen, Morten"]
[Black "Jensen, Jens Peter"]
[Result "1-0"]
[WhiteElo "1372"]
[BlackElo "1362"]
[PlyCount "99"]
[EventDate "2010.??.??"]

1. d4 d5 2. Nf3 e6 3. e3 Be7 4. c4 c6 5. Nc3 a6 6. cxd5 cxd5 7. Bd3 Nf6 8. Qc2
Nc6 9. a3 h6 10. O-O O-O 11. Bd2 Nd7 12. e4 dxe4 13. Nxe4 f5 14. Nc5 Nxc5 15.
dxc5 e5 16. Bc4+ Kh8 17. b4 e4 18. Ne1 Nd4 19. Qc1 Ne6 20. Bxh6 Bg5 21. Bxg5
Nxg5 22. f3 exf3 23. Nxf3 Nxf3+ 24. Rxf3 Qd4+ 25. Kh1 f4 26. Rd3 Qf6 27. Qd1
Bf5 28. Qh5+ Qh6 29. Qxh6+ gxh6 30. Rf3 Be4 31. Rf2 f3 32. gxf3 Bxf3+ 33. Kg1
Rf4 34. Be6 Re8 35. Raf1 Ref8 36. h3 h5 37. Kh2 Kg7 38. Kg3 h4+ 39. Kh2 R4f6
40. Bg4 Bc6 41. Kg1 Kg6 42. Be2 Bd7 43. Rxf6+ Rxf6 44. Rxf6+ Kxf6 45. Bf3 Bc6
46. Bxc6 bxc6 47. Kf2 Ke5 48. Kf3 Kf5 49. a4 Kg5 50. Ke4 1-0

[Event "Logumkloster Byturnering Basis 2 2010"]
[Site "Logumkloster"]
[Date "2010.04.20"]
[Round "2"]
[White "Hansen, Hans Ole"]
[Black "Schmidt, Holger"]
[Result "1/2-1/2"]
[WhiteElo "1542"]
[BlackElo "1477"]
[PlyCount "80"]
[EventDate "2010.??.??"]

1. d4 d5 2. c4 c6 3. Nc3 Nf6 4. Bg5 Nbd7 5. Nf3 e6 6. cxd5 exd5 7. e3 Be7 8.
Bd3 O-O 9. Qc2 h6 10. Bh4 Re8 11. O-O-O Nf8 12. h3 Nh5 13. Bxe7 Qxe7 14. g4 Nf6
15. g5 hxg5 16. Nxg5 g6 17. Rdg1 Nh5 18. Qe2 Ng7 19. h4 Bf5 20. Bxf5 Nxf5 21.
h5 Nxd4 22. Qg4 Nde6 23. hxg6 Nxg5 24. gxf7+ Kxf7 25. Qxg5 Qxg5 26. Rxg5 Re6
27. Ne2 Rae8 28. Nf4 Re5 29. Rhg1 Rxg5 30. Rxg5 Re7 31. Rf5+ Ke8 32. Kd2 Ne6
33. Nxe6 Rxe6 34. Kd3 Ke7 35. Rh5 Rf6 36. Rh7+ Rf7 37. Rxf7+ Kxf7 38. Kd4 Ke6
39. f4 b6 40. b4 a6 1/2-1/2

[Event "Logumkloster Byturnering Basis 2 2010"]
[Site "Logumkloster"]
[Date "2010.04.20"]
[Round "2"]
[White "Kristensen, Karl Martin"]
[Black "Jensen, Peter M"]
[Result "1-0"]
[WhiteElo "1447"]
[BlackElo "1124"]
[PlyCount "69"]
[EventDate "2010.??.??"]

1. c4 c6 2. d4 d5 3. cxd5 Qxd5 4. Nc3 Qd6 5. e4 g6 6. e5 Qc7 7. f4 Bf5 8. Bc4
b5 9. Bb3 a5 10. a4 b4 11. Nce2 Be4 12. Nf3 Bxf3 13. Bxf7+ Kxf7 14. gxf3 e6 15.
h4 Ne7 16. h5 Ke8 17. Qb3 Na6 18. hxg6 Nxg6 19. f5 Nxe5 20. dxe5 Nc5 21. Qc2
Qxe5 22. fxe6 Ra7 23. Kf2 Rg7 24. Bf4 Qf6 25. Rad1 Rhg8 26. Rxh7 Rg2+ 27. Kf1
Rxe2 28. Qxe2 Qxf4 29. Rhd7 Be7 30. Ra7 Qb8 31. Rxa5 Rg6 32. Qc4 Rxe6 33. Rxc5
Bxc5 34. Qxe6+ Be7 35. Rd7 1-0

[Event "Logumkloster Byturnering Basis 2 2010"]
[Site "Logumkloster"]
[Date "2010.04.20"]
[Round "2"]
[White "Kallesen, Jesper"]
[Black "Asmund, Erik"]
[Result "1-0"]
[WhiteElo "1482"]
[BlackElo "1588"]
[PlyCount "73"]
[EventDate "2010.??.??"]

1. d4 Nf6 2. Bg5 e6 3. e4 Be7 4. Bxf6 Bxf6 5. e5 Be7 6. Qg4 g6 7. Bd3 Nc6 8.
Ne2 d6 9. f4 Nb4 10. Qf3 Nxd3+ 11. Qxd3 b6 12. Nd2 Bb7 13. Qb5+ Qd7 14. Qxd7+
Kxd7 15. Rg1 h5 16. c4 f6 17. exd6 Bxd6 18. g3 c5 19. O-O-O Kc7 20. Nb3 Bf3 21.
dxc5 bxc5 22. Rd2 Bxe2 23. Rxe2 Rhe8 24. Rge1 e5 25. fxe5 fxe5 26. Nd2 Re7 27.
Ne4 Rf8 28. Rd1 Rd8 29. Red2 Red7 30. Nf6 Rf7 31. Rxd6 Rff8 32. Rxd8 Rxd8 33.
Rxd8 Kxd8 34. Ne4 Kd7 35. Nxc5+ Kc6 36. Ne4 a5 37. Kc2 1-0

[Event "Logumkloster Byturnering Basis 2 2010"]
[Site "Logumkloster"]
[Date "2010.04.27"]
[Round "3"]
[White "Jessen, Morten"]
[Black "Hansen, Hans Ole"]
[Result "0-1"]
[WhiteElo "1372"]
[BlackElo "1542"]
[PlyCount "76"]
[EventDate "2010.??.??"]

1. d4 Nf6 2. Nf3 b6 3. g3 Bb7 4. Bg2 d6 5. O-O Nbd7 6. Re1 g6 7. c4 Bg7 8. Nc3
c5 9. d5 O-O 10. Bg5 h6 11. Bd2 e6 12. e4 exd5 13. exd5 Re8 14. Qc2 Ba6 15.
Rxe8+ Qxe8 16. Re1 Qf8 17. b3 Ng4 18. a4 Re8 19. Rxe8 Qxe8 20. Qe4 Ngf6 21.
Qxe8+ Nxe8 22. Ne4 f5 23. Nc3 Kh7 24. Ne2 Bc8 25. Bh3 Ndf6 26. a5 Ne4 27. axb6
axb6 28. Nf4 g5 29. Be1 gxf4 30. gxf4 Bf6 31. Kg2 Ng7 32. Ng1 Bc3 33. Bxc3 Nxc3
34. f3 b5 35. Kf2 bxc4 36. bxc4 Ba6 37. Bf1 Nh5 38. Ke3 Nxd5+ 0-1

[Event "Logumkloster Byturnering Basis 2 2010"]
[Site "Logumkloster"]
[Date "2010.04.27"]
[Round "3"]
[White "Jensen, Jens Peter"]
[Black "Kristensen, Karl Martin"]
[Result "0-1"]
[WhiteElo "1362"]
[BlackElo "1447"]
[PlyCount "116"]
[EventDate "2010.??.??"]

1. e4 e5 2. Bc4 Nf6 3. d3 Be7 4. Nf3 d6 5. O-O c6 6. a4 O-O 7. Nfd2 d5 8. exd5
cxd5 9. Ba2 Be6 10. h3 Bc5 11. Nf3 Nc6 12. Be3 d4 13. Bg5 h6 14. Bh4 Qe7 15.
Nbd2 Bxa2 16. Rxa2 Qe6 17. b3 Nb4 18. Ra1 e4 19. Bxf6 exf3 20. Bxg7 Kxg7 21.
Nxf3 Nd5 22. Re1 Qg6 23. Ne5 Qf5 24. Nf3 Rfe8 25. Nh2 Bb4 26. Rxe8 Rxe8 27.
Qg4+ Qxg4 28. Nxg4 Re2 29. Rc1 Ba3 30. Kf1 Nc3 31. Re1 Rxc2 32. Ne5 Rb2 33. Nc4
Rxb3 34. Ra1 Bb4 35. f3 Nd5 36. Re1 Nf4 37. Ne5 Bd6 38. Nc4 Bc7 39. Rc1 Nxd3
40. Rc2 Rc3 41. Ne3 Bf4 42. Nf5+ Kf6 43. Nxd4 Rxc2 44. Nxc2 Nb2 45. Ke2 Nxa4
46. Nd4 Nb2 47. g4 a5 48. Nb5 a4 49. h4 b6 50. Na3 Bd6 51. Nc2 b5 52. Kd2 b4
53. Kc1 Nc4 54. Kb1 b3 55. Nd4 b2 56. Nb5 Bb4 57. Nc7 a3 58. Nd5+ Kg7 0-1

[Event "Logumkloster Byturnering Basis 2 2010"]
[Site "Logumkloster"]
[Date "2010.04.27"]
[Round "3"]
[White "Schmidt, Holger"]
[Black "Kallesen, Jesper"]
[Result "0-1"]
[WhiteElo "1477"]
[BlackElo "1482"]
[PlyCount "86"]
[EventDate "2010.??.??"]

1. d4 Nf6 2. Nc3 d5 3. Nf3 Nc6 4. Bf4 e6 5. a3 Bd6 6. Bg5 Na5 7. e3 h6 8. Bh4
Bd7 9. Bd3 c5 10. O-O g5 11. Bg3 Qb6 12. dxc5 Bxc5 13. b4 Bxb4 14. axb4 Qxb4
15. Ne2 Nc6 16. Ne5 Ne4 17. Bxe4 Qxe4 18. Nxc6 Bxc6 19. Qd4 Qxd4 20. Nxd4 Bd7
21. Rfb1 b6 22. Nb5 Bxb5 23. Rxb5 Kd7 24. Rb3 Rhc8 25. c3 Rc4 26. h3 Kc6 27.
Be5 a5 28. Rab1 Ra6 29. Bd4 Rc5 30. Bxc5 Kxc5 31. f3 a4 32. Rb4 a3 33. Ra1 a2
34. Rb2 Ra3 35. Rc2 Kc4 36. Kf2 Kb3 37. Rcc1 Kb2 38. Ke2 Rxc3 39. Kd2 Rxc1 40.
Rxc1 a1=Q 41. Rxa1 Kxa1 42. Kc2 Ka2 43. Kc3 Ka3 0-1

[Event "Logumkloster Byturnering Basis 2 2010"]
[Site "Logumkloster"]
[Date "2010.04.27"]
[Round "3"]
[White "Jensen, Peter M"]
[Black "Munksgaard, Aage"]
[Result "1/2-1/2"]
[WhiteElo "1124"]
[BlackElo "1411"]
[PlyCount "117"]
[EventDate "2010.??.??"]

1. e4 e5 2. Nf3 Nc6 3. c3 Nf6 4. Qe2 d6 5. d3 Be7 6. Be3 Bg4 7. h3 Bh5 8. g4
Bg6 9. Nh4 a6 10. Nd2 h6 11. Nxg6 fxg6 12. Nb3 Qd7 13. O-O-O O-O-O 14. Kb1 Kb8
15. f3 Qc8 16. Qc2 g5 17. Rh2 Nd7 18. d4 exd4 19. Nxd4 Nxd4 20. Bxd4 Bf6 21.
Qb3 Ka8 22. Rc2 Ne5 23. Be2 Rd7 24. Qa3 Nc6 25. Bxa6 Nxd4 26. cxd4 Kb8 27. Qb4
c6 28. Qb6 Qc7 29. Qb3 Qa5 30. Rxc6 Rc8 31. Rxc8+ Kxc8 32. Rc1+ Kb8 33. Bb5 Rc7
34. Qg8+ Ka7 35. Rxc7 Qxc7 36. Qd5 Qb6 37. e5 dxe5 38. dxe5 Qg1+ 39. Kc2 Qf2+
40. Kb3 Qe3+ 41. Bd3 Bxe5 42. Qe4 Qb6+ 43. Qb4 Qxb4+ 44. Kxb4 Bxb2 45. a4 b6
46. Kb5 Bd4 47. Kc4 Be3 48. Kb5 Kb7 49. Be4+ Kc7 50. Bg6 Kd6 51. a5 bxa5 52.
Kxa5 Ke5 53. Be4 Kf4 54. Kb4 Bd4 55. Kc4 Bf6 56. Kd3 Kg3 57. Ke2 Kxh3 58. Kf1
Kg3 59. Kg1 1/2-1/2

[Event "Logumkloster Byturnering Basis 2 2010"]
[Site "Logumkloster"]
[Date "2010.04.27"]
[Round "3"]
[White "Asmund, Erik"]
[Black "Christiansen, Bobby"]
[Result "1-0"]
[WhiteElo "1588"]
[BlackElo "1361"]
[PlyCount "93"]
[EventDate "2010.??.??"]

1. e4 c6 2. Nc3 d5 3. Nf3 dxe4 4. Nxe4 Nf6 5. Nxf6+ gxf6 6. d3 Be6 7. b3 Bg4 8.
Be2 Bxf3 9. Bxf3 Qd4 10. Rb1 e6 11. Bd2 Nd7 12. O-O O-O-O 13. Qe2 Qe5 14. c3
Bd6 15. g3 h5 16. h4 Rdg8 17. d4 Qf5 18. Qe4 Qh3 19. Bg2 Qg4 20. Qxg4 Rxg4 21.
Bf3 Rg6 22. Kh1 f5 23. Rg1 f6 24. Rg2 e5 25. dxe5 fxe5 26. Rbg1 e4 27. Be2 Nb6
28. c4 Be5 29. Bg5 Nd7 30. Rd1 Nc5 31. Be3 b6 32. Bxc5 bxc5 33. Kh2 Bd4 34. Kh3
Rgg8 35. b4 Kc7 36. bxc5 Bxc5 37. Rgg1 Bxf2 38. Rg2 e3 39. Rf1 Rb8 40. Rgxf2
exf2 41. Rxf2 Rb2 42. Kg2 Rxa2 43. Kf1 a5 44. Rxf5 Ra1+ 45. Kf2 a4 46. Bxh5 a3
47. Ra5 1-0

[Event "Logumkloster Byturnering Basis 2 2010"]
[Site "Logumkloster"]
[Date "2010.05.04"]
[Round "4"]
[White "Jensen, Peter M"]
[Black "Christiansen, Bobby"]
[Result "0-1"]
[WhiteElo "1124"]
[BlackElo "1361"]
[PlyCount "94"]
[EventDate "2010.??.??"]

1. c4 c6 2. Nc3 d5 3. e3 Nf6 4. h3 Bf5 5. d3 e5 6. g4 Bg6 7. g5 Ng8 8. h4 h6 9.
Nf3 e4 10. Ne5 hxg5 11. Nxg6 fxg6 12. Qg4 Be7 13. d4 Nh6 14. Qe6 Qd6 15. Qxd6
Bxd6 16. hxg5 Nf7 17. Rxh8+ Nxh8 18. Bd2 Bb4 19. O-O-O Bxc3 20. Bxc3 a5 21. Be2
a4 22. Rh1 Nf7 23. Rg1 Nd7 24. cxd5 cxd5 25. Bb5 Nd6 26. Bxd7+ Kxd7 27. Kc2 b5
28. a3 Nf5 29. Rh1 Ke6 30. Bb4 Rc8+ 31. Kb1 Nd6 32. Bxd6 Kxd6 33. Rh7 Rg8 34.
Ka2 Ke6 35. b3 Kf5 36. bxa4 bxa4 37. Rh1 Kxg5 38. Rf1 Kg4 39. Rg1+ Kf3 40. Rxg6
Kxf2 41. Rd6 g5 42. Rxd5 g4 43. Rf5+ Kxe3 44. d5 g3 45. Rf1 g2 46. Rg1 Kf2 47.
Rxg2+ Kxg2 0-1

[Event "Logumkloster Byturnering Basis 2 2010"]
[Site "Logumkloster"]
[Date "2010.05.04"]
[Round "4"]
[White "Jensen, Jens Peter"]
[Black "Munksgaard, Aage"]
[Result "1-0"]
[WhiteElo "1362"]
[BlackElo "1411"]
[PlyCount "93"]
[EventDate "2010.??.??"]

1. e4 e5 2. Bc4 Nc6 3. Nf3 d6 4. h3 h6 5. a3 Nf6 6. d3 Be7 7. Be3 Be6 8. Nfd2
Bxc4 9. Nxc4 d5 10. exd5 Nxd5 11. O-O O-O 12. Qd2 Nxe3 13. fxe3 b5 14. Na5 Nxa5
15. Qxa5 a6 16. Qd2 Bg5 17. Qe2 Qd6 18. Nc3 Be7 19. Ne4 Qb6 20. Rf3 f6 21. Raf1
Rf7 22. Ng3 Raf8 23. Nf5 Bd8 24. Rg3 Kh7 25. Qg4 g5 26. Qh5 Kh8 27. Qxh6+ Kg8
28. Qh5 Rh7 29. Qf3 Qe6 30. b3 c5 31. Qg4 Qb6 32. Qe4 Kf7 33. Nd6+ Kg7 34. Nf5+
Kh8 35. c3 Qa5 36. b4 Qxa3 37. bxc5 Qxc5 38. Qb4 Rc7 39. Rg4 Re8 40. Qxc5 Rxc5
41. c4 bxc4 42. dxc4 Re6 43. h4 gxh4 44. Rxh4+ Kg8 45. Rf3 Rc7 46. Rg3+ Kf8 47.
Rh8+ 1-0

[Event "Logumkloster Byturnering Basis 2 2010"]
[Site "Logumkloster"]
[Date "2010.05.04"]
[Round "4"]
[White "Kristensen, Karl Martin"]
[Black "Asmund, Erik"]
[Result "1/2-1/2"]
[WhiteElo "1447"]
[BlackElo "1588"]
[PlyCount "56"]
[EventDate "2010.??.??"]

1. c4 e5 2. Nc3 Nf6 3. Nf3 d6 4. e4 Be7 5. d3 O-O 6. Be2 h6 7. h3 c6 8. Be3
Nbd7 9. b4 Nh7 10. d4 exd4 11. Bxd4 Bf6 12. O-O Re8 13. Qd2 Ndf8 14. Rad1 Be7
15. Qb2 Ne6 16. Be3 Qc7 17. Nd4 Bf6 18. f4 Bd7 19. Nf5 Be7 20. Nd5 cxd5 21.
cxd5 Bf6 22. e5 dxe5 23. dxe6 Bxe6 24. Qb1 Bxf5 25. Qxf5 exf4 26. Bd3 g6 27.
Qxf4 Qxf4 28. Bxf4 Bg5 1/2-1/2

[Event "Logumkloster Byturnering Basis 2 2010"]
[Site "Logumkloster"]
[Date "2010.05.04"]
[Round "4"]
[White "Jessen, Morten"]
[Black "Schmidt, Holger"]
[Result "1-0"]
[WhiteElo "1372"]
[BlackElo "1477"]
[PlyCount "169"]
[EventDate "2010.??.??"]

1. d4 d5 2. Nf3 Nf6 3. Bg5 e6 4. e3 Be7 5. c4 c6 6. Nc3 Nbd7 7. cxd5 exd5 8.
Bd3 h6 9. Bf4 Nf8 10. h3 Bd6 11. Ne5 Be6 12. Qf3 Qe7 13. h4 N8d7 14. Be2 Bxe5
15. dxe5 Bg4 16. exf6 Nxf6 17. Qg3 Bxe2 18. Kxe2 Nh5 19. Qf3 Nxf4+ 20. Qxf4
O-O-O 21. Rhd1 Rd7 22. Kf1 Rhd8 23. Rac1 b6 24. Qg4 f6 25. Nxd5 Qf7 26. Nc3 Kb7
27. Rxd7+ Rxd7 28. Rd1 f5 29. Rxd7+ Qxd7 30. Qd4 Qe7 31. g3 a6 32. e4 fxe4 33.
Nxe4 Kc7 34. f4 Kb7 35. Kf2 Kc7 36. Kf3 Kb7 37. f5 Kc7 38. f6 gxf6 39. Qxf6 Qd7
40. Qxh6 Qd1+ 41. Kg2 Qe2+ 42. Nf2 Qxb2 43. g4 Qd4 44. g5 Qd5+ 45. Kg3 Qe5+ 46.
Kf3 Qf5+ 47. Ke3 Qc5+ 48. Ke4 Qxf2 49. g6 Qe2+ 50. Kf5 Qf3+ 51. Ke6 Qe4+ 52.
Kf7 Qf5+ 53. Kg8 c5 54. g7 Qc8+ 55. Kh7 Qf5+ 56. Kh8 Qe5 57. Qg6 c4 58. Qf7+
Kd6 59. Qxc4 Qh5+ 60. Kg8 b5 61. Qd4+ Ke7 62. Qa7+ Kd8 63. Qb8+ Kd7 64. Qb7+
Kd8 65. Qb6+ Ke7 66. Qc7+ Ke8 67. Qc6+ Ke7 68. Qe4+ Kd8 69. Kf8 Qc5+ 70. Kg8
Qh5 71. Kf8 Qc5+ 72. Kf7 Qh5+ 73. Qg6 Qd5+ 74. Kf8 Qc5+ 75. Kg8 Qd5+ 76. Kh8
Qe5 77. Qf7 a5 78. h5 a4 79. h6 b4 80. Kg8 Qc3 81. h7 b3 82. axb3 axb3 83. h8=Q
Qd3 84. Qh7 Qc3 85. Kh8 1-0

[Event "Logumkloster Byturnering Basis 2 2010"]
[Site "Logumkloster"]
[Date "2010.05.04"]
[Round "4"]
[White "Kallesen, Jesper"]
[Black "Hansen, Hans Ole"]
[Result "0-1"]
[WhiteElo "1482"]
[BlackElo "1542"]
[PlyCount "90"]
[EventDate "2010.??.??"]

1. c4 Nf6 2. d4 g6 3. Nf3 Bg7 4. e3 d6 5. Nc3 O-O 6. Bd3 c5 7. d5 Na6 8. a3 Bd7
9. Qb3 Rb8 10. Nb5 Qb6 11. a4 Nb4 12. a5 Nxd3+ 13. Qxd3 Qd8 14. a6 Bxb5 15.
cxb5 b6 16. O-O Rc8 17. e4 Qd7 18. Qc4 Ng4 19. h3 Ne5 20. Nxe5 Bxe5 21. Rb1 f5
22. Re1 fxe4 23. Rxe4 Qf5 24. Be3 Bd4 25. Qd3 Bxe3 26. Qxe3 Rf7 27. Rd1 Qd7 28.
Re1 Re8 29. Qd3 Qf5 30. R1e2 Ref8 31. g4 Qg5 32. Qd2 Qh4 33. Kg2 Rf3 34. R4e3
Qxh3+ 35. Kg1 Qxg4+ 36. Kf1 Rxe3 37. Qxe3 Rf7 38. Qe6 Qxe6 39. dxe6 Rf5 40. Re3
Kg7 41. Kg2 Kf6 42. Kg3 Re5 43. Rf3+ Rf5 44. Re3 h5 45. b3 g5 0-1

[Event "Logumkloster Byturnering Basis 2 2010"]
[Site "Logumkloster"]
[Date "2010.05.11"]
[Round "5"]
[White "Christiansen, Bobby"]
[Black "Schmidt, Holger"]
[Result "1-0"]
[WhiteElo "1361"]
[BlackElo "1477"]
[PlyCount "45"]
[EventDate "2010.??.??"]

1. e4 c5 2. c3 Nf6 3. e5 Nd5 4. c4 Nb6 5. a4 Nxc4 6. Bxc4 e6 7. Nf3 d5 8. exd6
Bxd6 9. O-O O-O 10. Nc3 Nc6 11. Re1 Bd7 12. d3 a6 13. Ne4 Be7 14. Be3 b6 15.
Bg5 Kh8 16. Bxe7 Nxe7 17. a5 b5 18. Ba2 Rc8 19. Ne5 Rc7 20. Nd6 Be8 21. Nxe8
Qxe8 22. Rc1 Nd5 23. Bxd5 1-0

[Event "Logumkloster Byturnering Basis 2 2010"]
[Site "Logumkloster"]
[Date "2010.05.11"]
[Round "5"]
[White "Asmund, Erik"]
[Black "Hansen, Hans Ole"]
[Result "1/2-1/2"]
[WhiteElo "1588"]
[BlackElo "1542"]
[PlyCount "43"]
[EventDate "2010.??.??"]

1. b4 e6 2. Bb2 Nf6 3. b5 a6 4. a4 axb5 5. axb5 Rxa1 6. Bxa1 d5 7. e3 c5 8.
bxc6 bxc6 9. Nf3 Be7 10. Bd3 Ba6 11. Bxa6 Nxa6 12. Nc3 O-O 13. Ne2 c5 14. O-O
Nb4 15. Ng3 Qa5 16. Qb1 Nc6 17. Be5 Nxe5 18. Nxe5 Bd6 19. d4 Bxe5 20. dxe5 Nd7
21. f4 Rb8 22. Qa1 1/2-1/2

[Event "Logumkloster Byturnering Basis 2 2010"]
[Site "Logumkloster"]
[Date "2010.05.11"]
[Round "5"]
[White "Jensen, Peter M"]
[Black "Jensen, Jens Peter"]
[Result "0-1"]
[WhiteElo "1124"]
[BlackElo "1362"]
[PlyCount "134"]
[EventDate "2010.??.??"]

1. d4 d5 2. c3 e6 3. Bf4 Bd6 4. Bxd6 Qxd6 5. Nf3 Nd7 6. e3 Ngf6 7. Nbd2 O-O 8.
h3 h6 9. Qc2 c5 10. Nb3 c4 11. Nbd2 b5 12. b3 a6 13. b4 Bb7 14. Be2 a5 15. O-O
axb4 16. cxb4 Ra4 17. a3 Rfa8 18. Nb1 Rxb4 19. axb4 Rxa1 20. Nc3 Rxf1+ 21. Bxf1
Qxb4 22. Nd2 e5 23. f3 exd4 24. exd4 Qa5 25. Na2 Qb6 26. Nb4 Qxd4+ 27. Kh2 Nh5
28. Qf5 Qf4+ 29. Qxf4 Nxf4 30. g3 Ne6 31. f4 d4 32. f5 Ng5 33. h4 Nf3+ 34. Nxf3
Bxf3 35. Kh3 d3 36. Bxd3 cxd3 37. Nxd3 Be4 38. Nb4 Bxf5+ 39. g4 Be6 40. Kg3 Nf6
41. g5 hxg5 42. hxg5 Nd5 43. Nd3 Kf8 44. Kf3 b4 45. Nxb4 Nxb4 46. Kf4 Nd5+ 47.
Kg3 Ke7 48. Kh4 Kd6 49. Kg3 Ke5 50. Kh4 Kf5 51. Kh5 Nf4+ 52. Kh4 Kg6 53. Kg3
Kxg5 54. Kf3 Bd5+ 55. Kg3 f5 56. Kf2 Kg4 57. Kg1 Kg3 58. Kf1 g5 59. Kg1 Ne2+
60. Kf1 Kf3 61. Ke1 g4 62. Kf1 g3 63. Ke1 g2 64. Kd2 g1=Q 65. Kc2 Qc5+ 66. Kd2
Qc1+ 67. Kd3 Be4# 0-1

[Event "Logumkloster Byturnering Basis 2 2010"]
[Site "Logumkloster"]
[Date "2010.05.11"]
[Round "5"]
[White "Munksgaard, Aage"]
[Black "Jessen, Morten"]
[Result "1-0"]
[WhiteElo "1411"]
[BlackElo "1372"]
[PlyCount "73"]
[EventDate "2010.??.??"]

1. e4 c5 2. b3 Nc6 3. Nf3 d6 4. Be2 Nf6 5. Nc3 g6 6. Bb2 Bg7 7. Nd5 e5 8. d3
Be6 9. c4 a6 10. a3 Rb8 11. Rb1 b5 12. O-O Ne7 13. h3 Nexd5 14. cxd5 Bd7 15. b4
cxb4 16. axb4 O-O 17. Nd2 Re8 18. f4 Qb6+ 19. Kh1 Bc8 20. fxe5 dxe5 21. Rc1 Bb7
22. Nb3 Bf8 23. Qd2 Nd7 24. Rc2 h5 25. Rfc1 Rbc8 26. Na5 Rxc2 27. Rxc2 Rc8 28.
Rxc8 Bxc8 29. Nc6 Bd6 30. Qg5 Kh7 31. Bc1 Qf2 32. Bf3 Bb7 33. Nd8 Bc8 34. Nxf7
Qf1+ 35. Kh2 Bxb4 36. Qh6+ Kg8 37. Qxg6+ 1-0